| 000 | 01612nam a2200457 i 4500 | ||
|---|---|---|---|
| 001 | 56647 | ||
| 003 | KOSZ 005 | ||
| 005 | 20220824104551.0 | ||
| 008 | 220630s2008 en a f 000 0 eng d | ||
| 020 | _a9788374970648 | ||
| 040 |
_aKOSZ 005 _cKOSZ 005/RW _dKOSZ 005/HR |
||
| 046 | _k2008 | ||
| 080 | _a658.5 | ||
| 080 | _a005 | ||
| 080 | _a519.87 | ||
| 245 | 0 | 0 |
_aModelling of manufacturing processes / _ceditors Milan Gregor, Antoni Świć. |
| 260 |
_aLublin : _bLublin University of Technology, _ccopyright 2008. |
||
| 300 |
_a[4], 123 strony : _bilustracje ; _c24 cm. |
||
| 336 |
_aTekst _btxt _2rdacontent |
||
| 337 |
_aBez urządzenia pośredniczącego _bn _2rdamedia |
||
| 338 |
_aWolumin _bnc _2rdacarrier |
||
| 380 | _aKsiążki | ||
| 380 | _aPublikacje naukowe | ||
| 388 | 1 | _a2001- | |
| 490 | 1 |
_aApplied Computer Science, _x1895-3735 ; _v2008, Vol.2, No 2 |
|
| 504 | _aBibliografia przy pracach. | ||
| 650 | 7 | _aInżynieria produkcji | |
| 650 | 7 | _aAutomatyzacja | |
| 650 | 7 | _aOptymalizacja | |
| 650 | 7 | _aSymulacja | |
| 655 | 7 | _aPraca zbiorowa | |
| 658 | _aGospodarka, ekonomia, finanse | ||
| 658 | _aInformatyka i technologie informacyjne | ||
| 658 | _aInżynieria i technika | ||
| 700 | 1 |
_aGregor, Milan _d(1955- ) _eRedakcja |
|
| 700 | 1 |
_aŚwić, Antoni _d(1955- ) _eRedakcja |
|
| 710 | 2 |
_aPolitechnika Lubelska _4pbl |
|
| 830 | 0 |
_aApplied Computer Science _v2008, Vol.4, No 1 |
|
| 856 |
_uhttp://koha.tu.koszalin.pl/cgi-bin/koha/opac-detail.pl?biblionumber=56647 _yKatalog online BPK |
||
| 942 |
_2UKD _cKS |
||
| 999 |
_c56647 _d56647 |
||